|
|
|
|
| LEADER |
00730cam a2200217 7i4500 |
| 001 |
0000023520 |
| 005 |
20170218090000.0 |
| 020 |
|
|
|a 0471179752
|
| 020 |
|
|
|a 9780471179757
|
| 040 |
|
|
|a DLC
|
| 050 |
0 |
0 |
|a TK5105.5 SMI 1999
|
| 090 |
0 |
0 |
|a TK5105.5
|b .S44 1999
|
| 100 |
1 |
|
|a Smith, Gordon E
|
| 245 |
1 |
0 |
|a Network auditing :
|b a control assessment approach
|c Gordon E. Smith.
|
| 260 |
|
|
|a New York:
|b John Wiley & Sons, Inc.,
|c 1999.
|
| 300 |
|
|
|a viii, 343 p.:
|b ill.;
|c 25 cm.
|
| 500 |
|
|
|a Includes index
|
| 650 |
0 |
0 |
|a Business enterprises --
|x Computer networks --
|x Management
|
| 650 |
0 |
0 |
|a Computer networks --
|x Auditing
|
| 997 |
|
|
|a Business & Accountancy, Faculty
|
| 999 |
|
|
|a 0000027911
|b BOK
|c OPEN SHELF
|e 2nd Floor, Bestari Jaya
|